01994agaaa2200289 45000010005000000030009000050050017000140070009000310080040000400400023000800410013001031000045001161300017001612450166001782500022003442600128003663000034004945080144005285110093006725200681007655380016014465460013014626500055014757000057015307000063015877000054016506585IT-RoPAU20220918181255.0d cvaizq50131s9999||||xx ||| | || ||und|| aIT-RoPAUcIT-RoPAU aITALIANO aBay MichaelgCodice regista SPICS: 58583 aPEARL HARBOR aPEARL HARBORcProdotto da: Bay M. Bruckheimer J -- Sceneggiatura: Wallace Randall -- Diretto da: Bay MichaelpPEARL HARBOR (Rif. Codice opera principale : H6585) aEdizione Standard a(USA)bTOUCHSTONE PICTURES - JERRY BRUCKHEIMER F / Distribuzione: PANORAMAg"2001 (1° ed.: 2006 ; Ed. Lingua Orig.: 2001)" aDVDbsonoro, col.c176 minuti a"Fotografia: Schwartzman John; Montaggio: Lebenzon Chris; Musica: Zimmer Hans; Sceneggiatura: Wallace Randall; Scenografia: Phelps Nigel; " a"Affleck Ben; Hartnett Josh; Beckinsale Kate; Gooding Cuba; Jr.; Sizemore Tom; Voight J" aIN UNA TRANQUILLA DOMENICA MATTINA DI DICEMBRE, MENTRE I BAMBINI SONO INTENTI NEI LORO GIOCHI E LE FAMIGLIE RACCOLTE IN PREGHIERA, SQUADRONI DI AEREIDA GUERRA GIAPPONESI SFRECCIANO ROBOANTI NEI CIELI DEL PARADISO HAWAIANO SFERRANDO UN ATTACCO A SORPRESA CONTRO LE FORZE ARMATE STATUNITENSI DI BASE A PEARL HARBOR. IL TRISTE GIORNO CHE HA STRAPPATO L'AMERICA AL SUO PACIFICOISOLAMENTO CATAPULTANDOLA IN UNA GUERRA CHE HA ALTERATO IL CORSO DELLA STORIA, VIENE RIVISSUTO IN QUESTO RACCONTO DI PASSIONE, ROMANTICISMO E ONORE. E' RACCONTATO SEGUENDO LE VICENDE DI DUE GIOVANI E AUDACI PILOTI RAFE E DANNY E DELLA BELLA E SENSIBILE INFERMIERA EVELYN DI CUI SONO ENTRAMBI INNAMORATI. aPAL, STEREO aITALIANO aGUERRAeDVD-FILM [DVD]xCodice MATERIA SPICS: 9947 aBay Michael e(regista)gCodice regista SPICS: 58583 aWallace Randall e(soggetto)gCodice Soggetto SPICS: 58584 aZimmer Hanse(musica)gCodice Musica SPICS: 27223